25 Most Followed Facebook Accounts - Statistics

General Stats
  • This quiz has been taken 22 times
  • The average score is 3 of 25
Answer Stats
Followers (millions) Account % Correct
92 Justin Bieber
57%
181 Facebook
52%
113 Lionel Messi
48%
88 Selena Gomez
33%
102 Rihanna
29%
94 Eminem
14%
90 Neymar
14%
81 McDonald's
10%
118 Shakira
10%
105 YouTube
10%
124 5-Minute Crafts
5%
110 Coca-Cola
5%
110 FC Barcelona
5%
86 Netflix
5%
116 Real Madrid C.F.
5%
108 Vin Diesel
5%
113 Will Smith
5%
120 CGTN
0%
104 China Daily
0%
160 Cristiano Ronaldoo
0%
133 Mr. Bean
0%
85 People's Daily
0%
162 Samsung
0%
107 Tasty
0%
94 Xinhua News Agency
0%
No matching quizzes found
Score Distribution
Percent of People with Each Score
Percentile by Number Answered
Your Score History
You have not taken this quiz